| 000 | 01712nam a22002657a 4500 | ||
|---|---|---|---|
| 999 |
_c57618 _d57618 |
||
| 003 | Ge_BSU | ||
| 005 | 20200818140754.0 | ||
| 008 | 200818s2019 ge ||||| |||| 00| 0 geo d | ||
| 020 | _a9789941964831 | ||
| 041 | _ageo | ||
| 080 | _a347.963(479.22) ს-31 | ||
| 245 |
_aსაპროკურორო სამართალი / _cპოლიკარპე ( თემურ ) მონიავა, მიხეილ მამნიაშვილი, ნანა ( ნინო ) რევაზიშვილი, ირაკლი გაბისონია, თემურ ( უმცროსი ) მონიავა, ნიკოლოზ გელაშვილი. |
||
| 250 | _aმეორე გადამუშავებული და დაზუსტებული გამოცემა | ||
| 264 |
_aთბ. : _b ,,იურისტების სამყარო'' , _c2019 |
||
| 300 |
_a462 გვ. _b21 სმ. |
||
| 504 | _aბიბლიოგრ. გვ. 455-460 | ||
| 653 | _aსაპროკურორო სამართალი | ||
| 700 |
_aმონიავა, პოლიკარპე(თემურ) _eავტორი _99244 |
||
| 700 |
_aმამნიაშვილი, მიხეილ _eავტორი _98217 |
||
| 700 |
_aრევაზიშვილი, ნანა(ნინო) _eავტორი _99245 |
||
| 700 |
_aგაბისონია, ირაკლი _eავტორი _97024 |
||
| 700 |
_aგელაშვილი, ნიკოლოზ _eავტორი _99246 |
||
| 700 |
_aმონიავა, თემურ(უმცროსი) _eავტორი _99247 |
||
| 942 |
_2udc _cBK |
||